লোডিং...
50 genetics ideas : you really need to you
| প্রধান লেখক: | |
|---|---|
| বিন্যাস: | Printed Book |
| ভাষা: | English |
| প্রকাশিত: |
London
Quercus Publishing
2008
|
| বিষয়গুলি: |
Genetics
> Genetic mapping
> Behavior genetics
> Chromosomes
> DNA fingerprints
> Eugenics
> Medical genetics
> Evolution
> Biology
> Embryology
> Life -Biology
> reproduction
> Genetic technologies
> Genome
> Genes and disease
> Cancer genetics
> MOLECULAR BIOLOGY-MATHEMATICAL MODELS
> Molecular biology
> Genetic code
> Biochemistry
> Biophysics
|
| LEADER | 00975nam a2200253 a 4500 | ||
|---|---|---|---|
| 001 | adlib96000001 | ||
| 003 | ViArRB | ||
| 005 | 20151026132436.0 | ||
| 008 | 960221s1955 dcuabcdjdbkoqu001 0deng d | ||
| 020 | |a 9781847246714 | ||
| 022 | |||
| 040 | |a Adlib | ||
| 082 | |a 575 | ||
| 245 | |a 50 genetics ideas : you really need to you | ||
| 250 | |||
| 260 | |a London |b Quercus Publishing |c 2008 | ||
| 300 | |a 208p | ||
| 500 | |a | ||
| 100 | |a Hendersen, Mark. | ||
| 700 | |||
| 942 | |c BK |6 _ | ||
| 653 | |a Genetics |a Genetic mapping |a Behavior genetics |a Chromosomes |a DNA fingerprints |a Eugenics |a Medical genetics |a Evolution |a Biology |a Embryology |a Life -Biology |a reproduction |a Genetic technologies |a Genome |a Genes and disease |a Cancer genetics |a MOLECULAR BIOLOGY-MATHEMATICAL MODELS |a Molecular biology |a Genetic code |a Biochemistry |a Biophysics | ||
| 999 | |c 48832 |d 48832 | ||
| 952 | |0 0 |1 0 |4 0 |6 575_HEN |7 0 |9 61548 |a UL |b UL |d 2010-06-16 |l 12 |o 575 HEN |p 00062492 |r 2014-09-05 |s 2014-08-01 |w 2010-06-16 |y BK | ||